MARC

LEADER 00000nam0a2200000 4500
001 327703
005 20231102004003.0
035 |a (RuTPU)RU\TPU\book\353389 
035 |a RU\TPU\book\353386 
090 |a 327703 
100 |a 20170202d1978 k y0rusy5003 ca 
101 0 |a rus 
102 |a RU 
105 |a a z 001zy 
200 1 |a Вопросы надежности систем водоснабжения  |e сборник научных трудов  |f Московский инженерно-строительный институт (МИСИ) ; под ред. Н. Н. Абрамова 
210 |a Москва  |c Изд-во МИСИ  |d 1978 
215 |a 109 с.  |c ил.  |d 21 см. 
225 1 |a Сборник трудов Московского инженерно-строительного института (МИСИ)  |v № 170 
320 |a Библиография в конце статей 
606 1 |a Водоснабжение  |2 stltpush  |3 (RuTPU)RU\TPU\subj\69529  |9 84347 
610 1 |a водопроводные системы 
610 1 |a надежность 
610 1 |a вода 
610 1 |a расчетные расходы 
610 1 |a системы водоснабжения 
610 1 |a проектирование 
610 1 |a транспортировка 
610 1 |a производительность 
610 1 |a математические основы 
610 1 |a трубопроводные системы 
610 1 |a водопроводные сети 
610 1 |a элементы 
610 1 |a отказы 
610 1 |a статистические данные 
610 1 |a затворы 
610 1 |a землетрясения 
675 |a 628.1  |z rus  |v 4 
702 1 |a Абрамов  |b Н. Н.  |4 340 
712 0 2 |a Московский инженерно-строительный институт (МИСИ)  |c (1921-1993)  |2 stltpush  |3 (RuTPU)RU\TPU\col\7908 
801 0 |a RU  |b 63413507  |c 19950704  |g psbo 
801 1 |a RU  |b 63413507  |c 20170202 
801 2 |a RU  |b 63413507  |c 20170215  |g RCR 
942 |c BK